000 00357nam a2200157Ia 4500
008 230917s9999||||xx |||||||||||||| ||und||
020 _cGBP4.95
040 _e58264
_aMAIN
041 _aEnglish
082 _a821.8 Y34A
100 _aYeats, W B
245 0 _aAutobiographies
260 _aLondon
_bMacmillan
_c1973
300 _av, 591 p.
942 _cBK
999 _c135967
_d135967